RWBY- All Songs - Statistics

General Stats
  • This quiz has been taken 270 times
    225 since last reset
  • The average score is 33 of 48
Answer Stats
Soundtrack Song % Correct
Volume 1 Red Like Roses
98%
Volume 1 Red Like Roses Part II
98%
Volume 1 This Will Be The Day
97%
Volume 1 I Burn
92%
Volume 1 From Shadows
90%
Volume 1 Mirror Mirror
90%
Volume 3 Mirror Mirror Part II
90%
Volume 2 Time To Say Goodbye
84%
Volume 3 When it Falls
80%
Volume 2 Die
79%
Volume 1 I May Fall
78%
Volume 4 Let's Just Live
78%
Volume 4 Armed And Ready
76%
Volume 4 This Life Is Mine
74%
Volume 2 Caffeine
73%
Volume 1 Gold
73%
Volume 6 Nevermore
73%
Volume 6 Rising
72%
Volume 4 Bad Luck Charm
71%
Volume 2 Boop
70%
Volume 5 Ignite
70%
Volume 4 Bmblb
69%
Volume 3 Cold
68%
Volume 5 The Triumph
67%
Volume 5 All Things Must Die
66%
Volume 6 Big Metal Shoe
66%
Volume 3 It's My Turn
66%
Volume 6 One Thing
66%
Volume 2 Sacrifice
66%
Volume 2 Shine
66%
Volume 3 I'm The One
64%
Volume 1 Wings
64%
Volume 4 Home
62%
Volume 3 Neon
62%
Volume 3 Divide
61%
Volume 6 Lionize
61%
Volume 6 Forever Fall
60%
Volume 4 Like Morning Follows Night
59%
Volume 5 Smile
59%
Volume 6 Indomitable
57%
Volume 6 Miracle
57%
Volume 2 Dream Come True
56%
Grimm Eclipse Lusus Naturae
55%
Volume 3 Not Fall In Love With You
54%
Volume 5 All That Matters
53%
Volume 5 This Time
53%
Volume 2 All Our Days
45%
Volume 5 The Path To Isolation
45%
No matching quizzes found
Score Distribution
Percent of People with Each Score
Percentile by Number Answered
Your Score History
You have not taken this quiz since the last reset